<?xml version="1.0" encoding="UTF-8"?>
<record
    xmlns:xsi="http://www.w3.org/2001/XMLSchema-instance"
    xsi:schemaLocation="http://www.loc.gov/MARC21/slim http://www.loc.gov/standards/marcxml/schema/MARC21slim.xsd"
    xmlns="http://www.loc.gov/MARC21/slim">

  <leader>01495nam a22003017a 4500</leader>
  <controlfield tag="001">4545</controlfield>
  <controlfield tag="003">FISKH</controlfield>
  <controlfield tag="005">20260323121812.0</controlfield>
  <controlfield tag="008">240913b        cb ||||| |||| 00| 0 eng d</controlfield>
  <datafield tag="040" ind1=" " ind2=" ">
    <subfield code="a">FISKH</subfield>
    <subfield code="b">eng</subfield>
    <subfield code="c">FISKH</subfield>
    <subfield code="d">FISKH</subfield>
  </datafield>
  <datafield tag="050" ind1=" " ind2=" ">
    <subfield code="a">PZ7</subfield>
  </datafield>
  <datafield tag="082" ind1=" " ind2=" ">
    <subfield code="a">570</subfield>
  </datafield>
  <datafield tag="100" ind1=" " ind2=" ">
    <subfield code="a">Reaksmey, Am </subfield>
  </datafield>
  <datafield tag="245" ind1=" " ind2=" ">
    <subfield code="a">&#x179F;&#x17BC;&#x1797;&#x17B8;&#x1791;&#x17C5;&#x1795;&#x17D2;&#x179F;&#x17B6;&#x179A; /</subfield>
    <subfield code="c">&#x17A2;&#x17B6;&#x17C6; &#x179A;&#x179F;&#x17D2;&#x1798;&#x17B8; </subfield>
  </datafield>
  <datafield tag="250" ind1=" " ind2=" ">
    <subfield code="a">&#x1794;&#x17C4;&#x17C7;&#x1796;&#x17BB;&#x1798;&#x17D2;&#x1796;&#x179B;&#x17BE;&#x1780;&#x1791;&#x17B8;&#x17E1; &#x1781;&#x17C2;&#x1798;&#x17B7;&#x1790;&#x17BB;&#x1793;&#x17B6; &#x1786;&#x17D2;&#x1793;&#x17B6;&#x17C6;&#x17E2;&#x17E0;&#x17E0;&#x17E8;</subfield>
  </datafield>
  <datafield tag="260" ind1=" " ind2=" ">
    <subfield code="a">&#x1797;&#x17D2;&#x1793;&#x17C6;&#x1796;&#x17C1;&#x1789; :</subfield>
    <subfield code="b"> &#x1780;&#x17B7;&#x1785;&#x17D2;&#x1785;&#x179F;&#x17A0;&#x1794;&#x17D2;&#x179A;&#x178F;&#x17B7;&#x1794;&#x178F;&#x17D2;&#x178F;&#x17B7;&#x1780;&#x17B6;&#x179A;&#x17A2;&#x1797;&#x17B7;&#x179C;&#x178C;&#x17D2;&#x178D;&#x1793;&#x17CD;&#x1794;&#x17CA;&#x17C2;&#x179B;&#x17A0;&#x17D2;&#x179F;&#x17CA;&#x17B7;&#x1780; ;</subfield>
    <subfield code="c">&#x17E2;&#x17E0;&#x17E0;&#x17E8; .</subfield>
  </datafield>
  <datafield tag="300" ind1=" " ind2=" ">
    <subfield code="a">8 pages : </subfield>
    <subfield code="b">color illustrations ; </subfield>
    <subfield code="c">25 cm . </subfield>
  </datafield>
  <datafield tag="500" ind1=" " ind2=" ">
    <subfield code="a">D </subfield>
  </datafield>
  <datafield tag="505" ind1=" " ind2=" ">
    <subfield code="a">D 
</subfield>
  </datafield>
  <datafield tag="520" ind1=" " ind2=" ">
    <subfield code="a">&#x179F;&#x17BB;&#x1797;&#x17B8;&#x1785;&#x1784;&#x17CB;&#x1791;&#x17B7;&#x1789;&#x179F;&#x17C0;&#x179C;&#x1797;&#x17C5; &#x1791;&#x17BE;&#x1794;&#x1793;&#x17B6;&#x1784;&#x178A;&#x17BE;&#x179A;&#x1791;&#x17B7;&#x1789;&#x17A5;&#x179C;&#x17C9;&#x17B6;&#x1793;&#x17CB;&#x17D4; &#x1798;&#x17D2;&#x178F;&#x17B6;&#x1799; &#x1793;&#x17B7;&#x1784;&#x200B;&#x17A2;&#x17D2;&#x1793;&#x1780;&#x200B;&#x1787;&#x17B7;&#x178F;&#x200B;&#x1781;&#x17B6;&#x1784;&#x200B;&#x1794;&#x17B6;&#x1793;&#x200B;&#x179F;&#x17BB;&#x17C6;&#x200B;&#x17B1;&#x17D2;&#x1799;&#x200B;&#x1793;&#x17B6;&#x1784;&#x200B;&#x1791;&#x17B7;&#x1789;&#x200B;&#x179A;&#x1794;&#x179F;&#x17CB;&#x200B;&#x1798;&#x17BD;&#x1799;&#x200B;&#x17B1;&#x17D2;&#x1799;&#x200B;&#x1796;&#x17BD;&#x1780;&#x200B;&#x1782;&#x17C1; &#x17D4; &#x178F;&#x17BE;&#x1793;&#x17B6;&#x1784;&#x1797;&#x17D2;&#x179B;&#x17C1;&#x1785;&#x1791;&#x17B7;&#x1789;&#x17A2;&#x17D2;&#x179C;&#x17B8;?</subfield>
  </datafield>
  <datafield tag="520" ind1=" " ind2=" ">
    <subfield code="a">Sophy wanted to buy a book, so she went shopping. Her mother and neighbours asked her to buy something for them. What did she forget to buy?</subfield>
  </datafield>
  <datafield tag="521" ind1="8" ind2=" ">
    <subfield code="a">160 
</subfield>
    <subfield code="b">Lexile estimate 
</subfield>
  </datafield>
  <datafield tag="521" ind1="8" ind2=" ">
    <subfield code="a">D 
</subfield>
    <subfield code="b">Raz-Plus 
</subfield>
  </datafield>
  <datafield tag="650" ind1=" " ind2=" ">
    <subfield code="a">&#x179F;&#x17C0;&#x179C;&#x1797;&#x17C5; </subfield>
    <subfield code="v">&#x179A;&#x17BF;&#x1784;&#x1798;&#x17B7;&#x1793;&#x1796;&#x17B7;&#x178F; </subfield>
  </datafield>
  <datafield tag="650" ind1=" " ind2=" ">
    <subfield code="a">books </subfield>
    <subfield code="v">fiction </subfield>
  </datafield>
  <datafield tag="942" ind1=" " ind2=" ">
    <subfield code="2">ddc</subfield>
    <subfield code="c">KHB</subfield>
    <subfield code="n">0</subfield>
  </datafield>
  <datafield tag="999" ind1=" " ind2=" ">
    <subfield code="c">4545</subfield>
    <subfield code="d">4545</subfield>
  </datafield>
  <datafield tag="952" ind1=" " ind2=" ">
    <subfield code="0">0</subfield>
    <subfield code="1">0</subfield>
    <subfield code="2">ddc</subfield>
    <subfield code="4">0</subfield>
    <subfield code="7">0</subfield>
    <subfield code="8">KH</subfield>
    <subfield code="a">002</subfield>
    <subfield code="b">002</subfield>
    <subfield code="c">TTP Khmer</subfield>
    <subfield code="d">2024-09-13</subfield>
    <subfield code="l">1</subfield>
    <subfield code="o">REA  PZ7 570</subfield>
    <subfield code="p">FIS03521</subfield>
    <subfield code="r">2025-10-28 14:03:38</subfield>
    <subfield code="s">2025-10-22</subfield>
    <subfield code="t">1</subfield>
    <subfield code="w">2024-09-13</subfield>
    <subfield code="y">BK</subfield>
  </datafield>
  <datafield tag="952" ind1=" " ind2=" ">
    <subfield code="0">0</subfield>
    <subfield code="1">0</subfield>
    <subfield code="2">ddc</subfield>
    <subfield code="4">0</subfield>
    <subfield code="7">0</subfield>
    <subfield code="8">KH</subfield>
    <subfield code="a">002</subfield>
    <subfield code="b">002</subfield>
    <subfield code="c">TTP Khmer</subfield>
    <subfield code="d">2025-10-07</subfield>
    <subfield code="l">0</subfield>
    <subfield code="o">REA  PZ7 570</subfield>
    <subfield code="p">FISBK03514</subfield>
    <subfield code="r">2025-10-07 16:32:10</subfield>
    <subfield code="t">2</subfield>
    <subfield code="w">2025-10-07</subfield>
    <subfield code="y">BK</subfield>
  </datafield>
  <datafield tag="952" ind1=" " ind2=" ">
    <subfield code="0">0</subfield>
    <subfield code="1">0</subfield>
    <subfield code="2">ddc</subfield>
    <subfield code="4">0</subfield>
    <subfield code="7">0</subfield>
    <subfield code="8">KH</subfield>
    <subfield code="a">002</subfield>
    <subfield code="b">002</subfield>
    <subfield code="c">TTP Khmer</subfield>
    <subfield code="d">2025-10-10</subfield>
    <subfield code="l">0</subfield>
    <subfield code="o">REA  PZ7 570</subfield>
    <subfield code="p">FISBK03497</subfield>
    <subfield code="r">2025-10-10 10:45:52</subfield>
    <subfield code="t">3</subfield>
    <subfield code="w">2025-10-10</subfield>
    <subfield code="y">BK</subfield>
  </datafield>
  <datafield tag="952" ind1=" " ind2=" ">
    <subfield code="0">0</subfield>
    <subfield code="1">0</subfield>
    <subfield code="2">ddc</subfield>
    <subfield code="4">0</subfield>
    <subfield code="7">0</subfield>
    <subfield code="8">KH</subfield>
    <subfield code="a">002</subfield>
    <subfield code="b">002</subfield>
    <subfield code="c">TTP Khmer</subfield>
    <subfield code="d">2025-10-10</subfield>
    <subfield code="l">0</subfield>
    <subfield code="o">REA  PZ7 570</subfield>
    <subfield code="p">FISBK03512</subfield>
    <subfield code="r">2025-10-10 10:46:14</subfield>
    <subfield code="t">4</subfield>
    <subfield code="w">2025-10-10</subfield>
    <subfield code="y">BK</subfield>
  </datafield>
  <datafield tag="952" ind1=" " ind2=" ">
    <subfield code="0">0</subfield>
    <subfield code="1">0</subfield>
    <subfield code="2">ddc</subfield>
    <subfield code="4">0</subfield>
    <subfield code="7">0</subfield>
    <subfield code="8">KH</subfield>
    <subfield code="a">002</subfield>
    <subfield code="b">002</subfield>
    <subfield code="c">TTP Khmer</subfield>
    <subfield code="d">2025-10-10</subfield>
    <subfield code="l">0</subfield>
    <subfield code="o">REA  PZ7 570</subfield>
    <subfield code="p">FISBK03520</subfield>
    <subfield code="r">2025-10-10 10:46:46</subfield>
    <subfield code="t">5</subfield>
    <subfield code="w">2025-10-10</subfield>
    <subfield code="y">BK</subfield>
  </datafield>
  <datafield tag="952" ind1=" " ind2=" ">
    <subfield code="0">0</subfield>
    <subfield code="1">0</subfield>
    <subfield code="2">ddc</subfield>
    <subfield code="4">0</subfield>
    <subfield code="7">0</subfield>
    <subfield code="8">KH</subfield>
    <subfield code="a">002</subfield>
    <subfield code="b">002</subfield>
    <subfield code="c">TTP Khmer</subfield>
    <subfield code="d">2025-10-10</subfield>
    <subfield code="l">0</subfield>
    <subfield code="o">REA  PZ7 570</subfield>
    <subfield code="p">FISBK03519</subfield>
    <subfield code="r">2025-10-10 10:46:59</subfield>
    <subfield code="t">6</subfield>
    <subfield code="w">2025-10-10</subfield>
    <subfield code="y">BK</subfield>
  </datafield>
  <datafield tag="952" ind1=" " ind2=" ">
    <subfield code="0">0</subfield>
    <subfield code="1">0</subfield>
    <subfield code="2">ddc</subfield>
    <subfield code="4">0</subfield>
    <subfield code="7">0</subfield>
    <subfield code="8">KH</subfield>
    <subfield code="a">002</subfield>
    <subfield code="b">002</subfield>
    <subfield code="c">TTP Khmer</subfield>
    <subfield code="d">2025-11-28</subfield>
    <subfield code="l">0</subfield>
    <subfield code="o">REA  PZ7 570</subfield>
    <subfield code="p">2025-4973</subfield>
    <subfield code="r">2025-11-28 08:21:40</subfield>
    <subfield code="t">7</subfield>
    <subfield code="w">2025-11-28</subfield>
    <subfield code="y">BK</subfield>
  </datafield>
  <datafield tag="952" ind1=" " ind2=" ">
    <subfield code="0">0</subfield>
    <subfield code="1">0</subfield>
    <subfield code="2">ddc</subfield>
    <subfield code="4">0</subfield>
    <subfield code="7">0</subfield>
    <subfield code="8">KH</subfield>
    <subfield code="a">002</subfield>
    <subfield code="b">002</subfield>
    <subfield code="c">TTP Khmer</subfield>
    <subfield code="d">2026-03-23</subfield>
    <subfield code="l">0</subfield>
    <subfield code="o">REA  PZ7 570</subfield>
    <subfield code="p">FISBK03515</subfield>
    <subfield code="r">2026-03-23 10:10:22</subfield>
    <subfield code="t">8</subfield>
    <subfield code="w">2026-03-23</subfield>
    <subfield code="y">BK</subfield>
  </datafield>
  <datafield tag="952" ind1=" " ind2=" ">
    <subfield code="0">0</subfield>
    <subfield code="1">0</subfield>
    <subfield code="2">ddc</subfield>
    <subfield code="4">0</subfield>
    <subfield code="7">0</subfield>
    <subfield code="8">KH</subfield>
    <subfield code="a">002</subfield>
    <subfield code="b">002</subfield>
    <subfield code="c">TTP Khmer</subfield>
    <subfield code="d">2026-03-23</subfield>
    <subfield code="l">0</subfield>
    <subfield code="o">REA  PZ7 570</subfield>
    <subfield code="p">FISBK03516</subfield>
    <subfield code="r">2026-03-23 10:10:47</subfield>
    <subfield code="t">9</subfield>
    <subfield code="w">2026-03-23</subfield>
    <subfield code="y">BK</subfield>
  </datafield>
</record>
